Verdades eternas explicadas en lecciones, ordenadas principalmente para los días de los ejercicios espirituales.

Detalles Bibliográficos
Autor principal: ROSIGNOLI, Carlos Gregorio
Formato: Libro
Publicado: Filadelfia 1851
Materias:
Colección:Banco de datos
Acervo:Biblioteca del Convento de Santa Mónica de la Ciudad de Puebla. Puebla
Tema general:Ascética
Notas:Buena. B7, 25.
LEADER 00689nam a22001930004500
035 |a 51146 
036 |a 914 
100 1 |a ROSIGNOLI, Carlos Gregorio 
245 1 0 |a Verdades eternas explicadas en lecciones, ordenadas principalmente para los días de los ejercicios espirituales. 
260 |a Filadelfia  |b imp. Besserer y Kiesnast  |c 1851 
500 |a Buena. B7, 25. 
650 1 0 |a Ascética 
949 |a CRP 
959 |a Ex convento de Santa Mónica. Puebla, Puebla  |b CCC5 
960 |a Convento de Santa Mónica de la ciudad de Puebla  |b DD88 
961 |a Franciscana  |b OF 
942 |c CRP-SM 
943 |g Biblioteca del Convento de Santa Mónica de la Ciudad de Puebla. Puebla 
999 |c 961484  |d 961484